« Retourner aux résultats de recherche
irrésistible histoire du Café Myrtille (L')
roman
| Auteur principal: | Mary Simses |
|---|---|
| D'autres auteurs: | Julie Groleau |
| Support: | Livres |
| Langue: | Francais |
| Publié: |
2018 Nil éditions Paris |
| Genre: |
Roman |
| Sujets: | |
| Étiquettes: |
Ajouter
Pas de Tags !
|
| LEADER | 01504nam0a2200205 450 | ||
|---|---|---|---|
| 001 | 16830710 | ||
| 010 | |a 978-2-84111-938-7 |b br. |d 21 | ||
| 100 | |a 20180621d2018 u u0frey01 ba | ||
| 101 | 1 | |a fre |c | |
| 102 | |a FR | ||
| 200 | 0 | |a irrésistible histoire du Café Myrtille (L') |e roman |f Mary Simses |g traduit de l'anglais (Etats-Unis) par Julie Groleau | |
| 207 | 1 | |a | |
| 210 | |a Paris |c Nil éditions |d 2018 | ||
| 215 | |a 1 vol. (421 p.) |d 21 cm | ||
| 330 | |a Ellen Branford, ravissante avocate new-yorkaise, se doit d'exaucer le voeu qu'a formulé sa grand-mère avant de mourir : retrouver son amour de jeunesse et lui remettre sa dernière lettre. Ellen part sur la route, pour s'arrêter à Beacon, petite ville côtière du Maine. Alors qu'elle explore les lieux, elle manque de se noyer - une mésaventure qui fait d'elle une célébrité locale et la pousse littéralement dans les bras d'un certain Roy. Et tandis qu'elle lève le voile sur le passé de sa grand-mère et qu'elle poursuit sa quête, Ellen comprend qu'elle n'aura pas assez d'un séjour de vingt-quatre heures. Mais lorsque son fiancé vient jusqu'à Beacon à sa rescousse, la jeune femme doit repenser la vie qu'elle veut vraiment avoir... Une irrésistible comédie romantique qui prône les plaisirs d'une vie simple. | ||
| 700 | 0 | |a Simses |b Mary |4 70 | |
| 702 | 0 | |a Groleau |b Julie |4 730 | |
| 900 | |a Roman | ||
| 901 | |a Accessible au prêt | ||
| 995 | |a Bibliothèque |c Bibliothèque |f 024019177 |h 024019177 |k R SIM |o p |q a |r az |e Bibliothèque | ||
